Normal view
MARC view
Entry Topical Term
001 - CONTROL NUMBER
- control field: 8987
003 - CONTROL NUMBER IDENTIFIER
- control field: dpl
005 - DATE AND TIME OF LATEST TRANSACTION
- control field: 20100809105019.0
008 - FIXED-LENGTH DATA ELEMENTS
- fixed length control field: 100809|||a|||||| | ||| d
040 ## - CATALOGING SOURCE
- Original cataloging agency: dpl
- Transcribing agency: dpl
150 ## - HEADING--TOPICAL TERM
- Topical term or geographic name as entry element: Socialism
- General subdivision: History
- Chronological subdivision: 20th century
- Geographic subdivision: India
670 ## - SOURCE DATA FOUND
- Source citation: Work cat.: (dpl)39823: Namboodiripad, E.M.S. 8986, The frontline years :, 2010
670 ## - SOURCE DATA FOUND
- Source citation: Work cat.: (dpl)39823: Namboodiripad, E.M.S. 8986, The frontline years :, 2010
